<?xml version="1.0" encoding="UTF-8"?>
<record
    xmlns:xsi="http://www.w3.org/2001/XMLSchema-instance"
    xsi:schemaLocation="http://www.loc.gov/MARC21/slim http://www.loc.gov/standards/marcxml/schema/MARC21slim.xsd"
    xmlns="http://www.loc.gov/MARC21/slim">

  <leader>03725nam a22002777a 4500</leader>
  <controlfield tag="003">DO-SdBJH</controlfield>
  <controlfield tag="005">20260630225402.0</controlfield>
  <controlfield tag="008">260630b2025    |||d|||| |||| 00| 0 spa d</controlfield>
  <datafield tag="040" ind1=" " ind2=" ">
    <subfield code="a">DO-SdBJH</subfield>
    <subfield code="b">spa</subfield>
    <subfield code="c">DO-SdBJH</subfield>
  </datafield>
  <datafield tag="041" ind1="0" ind2=" ">
    <subfield code="a">spa</subfield>
  </datafield>
  <datafield tag="090" ind1=" " ind2=" ">
    <subfield code="a">CT CM-0004</subfield>
    <subfield code="b">AMBC 2025</subfield>
  </datafield>
  <datafield tag="100" ind1="1" ind2=" ">
    <subfield code="a">Duran Botana, Ronny</subfield>
    <subfield code="e">sustentante</subfield>
  </datafield>
  <datafield tag="245" ind1="1" ind2="0">
    <subfield code="a">Desaf&#xED;os y oportunidades de la educaci&#xF3;n virtual en la capacitaci&#xF3;n los oficiales subalternos del Ej&#xE9;rcito de Rep&#xFA;blica Dominicana para fortalecer la seguridad y defensa nacional : </subfield>
    <subfield code="b">2024 /</subfield>
    <subfield code="c">Ronny Duran Botana, Sheylin Valentina Valenzuela de la Cruz ; asesor metodol&#xF3;gico David Aguiar ; asesor de contenido Jos&#xE9; Manuel Dur&#xE1;n Ynfante.</subfield>
  </datafield>
  <datafield tag="260" ind1=" " ind2=" ">
    <subfield code="a">Santo Domingo, Rep&#xFA;blica Dominicana :</subfield>
    <subfield code="b">UNADE,</subfield>
    <subfield code="c">2025.</subfield>
  </datafield>
  <datafield tag="300" ind1=" " ind2=" ">
    <subfield code="a">xv, 66, [05] p&#xE1;ginas :</subfield>
    <subfield code="b">gr&#xE1;ficas.</subfield>
  </datafield>
  <datafield tag="502" ind1=" " ind2=" ">
    <subfield code="a">Tesis y trabajo de grado (Licenciatura en Ciencias Militares)--Universidad Nacional para la Defensa "General Juan Pablo Duarte y D&#xED;ez", Academia Militar "Batallas de las Carreras", Santo Domingo, 2025.</subfield>
  </datafield>
  <datafield tag="504" ind1=" " ind2=" ">
    <subfield code="a">Incluye referencias bibliogr&#xE1;ficas y anexos.</subfield>
  </datafield>
  <datafield tag="505" ind1=" " ind2=" ">
    <subfield code="a">Estructura, planes y programas utilizados para la educaci&#xF3;n virtual en la capacitaci&#xF3;n Militar del Ej&#xE9;rcito de Rep&#xFA;blica Dominicana -- Fortalezas, oportunidades, debilidades y amenazas de la educaci&#xF3;n virtual en la capacitaci&#xF3;n de los oficiales subalternos del Ej&#xE9;rcito de Rep&#xFA;blica Dominicana para fortalecer la seguridad y defensa -- Impacto de la educaci&#xF3;n virtual en la formaci&#xF3;n de oficiales subalternos del Ej&#xE9;rcito Dominicano y su contribuci&#xF3;n a la Seguridad Nacional.</subfield>
  </datafield>
  <datafield tag="520" ind1=" " ind2=" ">
    <subfield code="a">Como parte de la formaci&#xF3;n de los oficiales subalternos del Ejercito de la Rep&#xFA;blica Dominicana y en su contexto de institucionalizar caracter&#xED;sticas de modernizaci&#xF3;n y proporcionar defensa nacional, el articulo intenta analizar aquellos elementos que desafiuciaran o mejoraran las posibilidades de entrenamiento virtual. El estudio indica que la virtualidad ofrece ciertas ventajas, como la aplicaci&#xF3;n de horarios para el aprendizaje, la reducci&#xF3;n de costos y contenidos constantemente actualizado. Adem&#xE1;s, est&#xE1;n comenzando a surgir nuevas oportunidades estrat&#xE9;gicas como resultado de sus aplicaciones continuas para vincular la tecnolog&#xED;a con la guerra futura: presencia en foros internacionales de ciberseguridad, ajustes de la propuesta de Estrategia de Defensa Nacional, por ejemplo. Sin embargo, es necesario rectificar ciertas debilidades cr&#xF3;nicas. Por un lado hay una falta de infraestructura. La gente no solo esta dispuesta, sino que incluso es incapaz de manejar dominios del ciberespacio. Finalmente, la estabilidad en la cadena de suministro es inestable; los intercambios interpersonales entre profesores y estudiantes desaparecer&#xE1;n si estas condiciones contin&#xFA;an. Sustituir a la formaci&#xF3;n tradicional, sino integrarse en un modelo hibrido que combine la flexibilidad digital con la rigurosidad castrense. Bajo este enfoque, puede consolidarse como un pilar estrat&#xE9;gico para la profesionalizaci&#xF3;n de los oficiales subalternos, elevando la preparaci&#xF3;n del Ejercito dominicano frente a los complejos escenarios de seguridad del siglo XXI. </subfield>
  </datafield>
  <datafield tag="650" ind1=" " ind2="7">
    <subfield code="2">lemb</subfield>
    <subfield code="a">Educaci&#xF3;n militar</subfield>
    <subfield code="v">Tesis y disertaciones acad&#xE9;micas</subfield>
    <subfield code="x">Ense&#xF1;anza virtual</subfield>
    <subfield code="x">Planes y programas de estudio </subfield>
    <subfield code="y">Siglo XXI</subfield>
    <subfield code="z">Rep&#xFA;blica Dominicana</subfield>
  </datafield>
  <datafield tag="650" ind1=" " ind2="7">
    <subfield code="2">lemb</subfield>
    <subfield code="a">Ej&#xE9;rcito de Rep&#xFA;blica Dominicana</subfield>
    <subfield code="v">Tesis y disertaciones acad&#xE9;micas</subfield>
    <subfield code="x">Capacitaci&#xF3;n de oficiales</subfield>
    <subfield code="x">Educaci&#xF3;n a distancia</subfield>
    <subfield code="x">Seguridad nacional </subfield>
    <subfield code="y">Siglo XXI</subfield>
    <subfield code="z">Rep&#xFA;blica Dominicana</subfield>
  </datafield>
  <datafield tag="700" ind1="1" ind2=" ">
    <subfield code="a">Valenzuela de la Cruz, Sheylin Valentina</subfield>
    <subfield code="e">sustentante</subfield>
  </datafield>
  <datafield tag="700" ind1="1" ind2=" ">
    <subfield code="a">Aguiar, David</subfield>
    <subfield code="e">asesor metodol&#xF3;gico</subfield>
  </datafield>
  <datafield tag="700" ind1="1" ind2=" ">
    <subfield code="a">Dur&#xE1;n Ynfante, Jos&#xE9; Manuel</subfield>
    <subfield code="e">asesor de contenido</subfield>
  </datafield>
  <datafield tag="942" ind1=" " ind2=" ">
    <subfield code="2">CL</subfield>
    <subfield code="c">T</subfield>
  </datafield>
  <datafield tag="999" ind1=" " ind2=" ">
    <subfield code="c">8734</subfield>
    <subfield code="d">8734</subfield>
  </datafield>
  <datafield tag="952" ind1=" " ind2=" ">
    <subfield code="0">0</subfield>
    <subfield code="1">0</subfield>
    <subfield code="2">CL</subfield>
    <subfield code="4">0</subfield>
    <subfield code="7">0</subfield>
    <subfield code="8">TG</subfield>
    <subfield code="a">BJHA</subfield>
    <subfield code="b">BJHA</subfield>
    <subfield code="c">GEN</subfield>
    <subfield code="d">2026-06-30</subfield>
    <subfield code="i">25-02592</subfield>
    <subfield code="l">0</subfield>
    <subfield code="o">CT CM-0004 AMBC 2025</subfield>
    <subfield code="p">25-02592</subfield>
    <subfield code="r">2026-06-30 15:57:46</subfield>
    <subfield code="t">e.1</subfield>
    <subfield code="w">2026-06-30</subfield>
    <subfield code="y">T</subfield>
  </datafield>
</record>
